Homonías y femenías. (Record no. 193553)
[ view plain ]
| 000 -LEADER | |
|---|---|
| campo de control de longitud fija | 02245nam a22002777 4500 |
| 001 - NÚMERO DE CONTROL | |
| campo de control | 193553 |
| 003 - IDENTIFICADOR DE NÚMERO DE CONTROL | |
| campo de control | ES-MaACL |
| 005 - FECHA Y HORA DE LA ÚLTIMA TRANSACCIÓN | |
| campo de control | 20250711063120.0 |
| 008 - DATOS DE LONGITUD FIJA--INFORMACIÓN GENERAL | |
| campo de control de longitud fija | 240105s2023 sp ||||| |||| 00| 0 spa d |
| 040 ## - FUENTE DE CATALOGACIÓN | |
| Centro/agencia transcriptor | ES-MaACL |
| 080 ## - NÚMERO DE LA CLASIFICACIÓN DECIMAL UNIVERSAL | |
| Número de la Clasificación Decimal Universal | 9788419978547 |
| 100 0# - ENTRADA PRINCIPAL--NOMBRE DE PERSONA | |
| 9 (RLIN) | 54057 |
| Nombre de persona | García, Juan Carlos, |
| Fechas asociadas al nombre | 1958- |
| Término indicativo de función/relación | Autor |
| 245 ## - MENCIÓN DEL TÍTULO | |
| Título | Homonías y femenías. |
| Número de parte o sección de la obra | I, |
| Nombre de parte o sección de la obra | Quince relatos / |
| Mención de responsabilidad, etc. | Juan Carlos García |
| 246 ## - FORMA VARIANTE DEL TITULO | |
| Título propio/Titulo breve | Quince relatos |
| 250 ## - MENCION DE EDICION | |
| Mención de edición | Primera edición: agosto de 2023 |
| 260 ## - PUBLICACIÓN, DISTRIBUCIÓN, ETC. | |
| Lugar de publicación, distribución, etc. | [Lugar no identificado]: |
| Nombre del editor, distribuidor, etc. | Editorial Letra Minúscula, |
| Fecha de publicación, distribución, etc. | 2023 |
| 300 ## - DESCRIPCIÓN FÍSICA | |
| Extensión | 224 páginas ; |
| Dimensiones | 22 cm |
| 520 ## - RESUMEN, ETC. | |
| Sumario, etc. | Los quince cuentos que forman parte de este libro tienen diversos estilos e historias muy variadas, pero tienen algo en común: queremos saber cómo siguen su vida los protagonistas de cada uno de ellos. Y eso es un mérito infrecuente.<br/><br/>Qué fue de Ría, la diosa humanizada, y de André, el sombrerero lleno de amor y de dudas; qué fue de Conchita y su nueva ferretería; qué fue de Silver y Palmira, si lograron su cometido; qué fue de Nico y su perro adoptado; qué fue de Leandro, si encontró el perfume que siguió buscando; qué fue de Roland, de Solange y de Nicole, si sus caminos se volvieron a cruzar; qué fue de los pasajeros perdidos en la terminal; qué fue de Benito y su nuevo interés por el arte; qué fue de Nicola después de sus sesiones con Rosita; qué fue de Fred, si tuvo una hija a quien llamar Ana; qué fue del cuarteto integrado por Albino, Dorita, Maurice y Lupita, si lograron revivir la literatura; qué fue de Violeta y de Martín, y de su amor tardío y recién descubierto.<br/><br/>Y así cerramos el libro, despidiéndonos con cierta melancolía de estos personajes entrañables, que nos seguirán acompañando para siempre. |
| 852 ## - LOCALIZACIÓN | |
| Ubicación | Es-MaACL |
| Sublocalización o colección | R.154884 |
| Ubicación en estantería | Depósito J |
| Número de control de estantería | N-9686 |
| Donativo/Legado | Donación: Juan Carlos García |
| Encuadernación | Encuadernación rústica |
| Anotaciones manuscritas | Dedicatoria autógrafa del autor |
| itemnumber | 201299 |
| 903 ## - NOMBRE PERSONAL DE DONANTE | |
| 9 | 54057 |
| a | García, Juan Carlos, |
| d | 1958- |
| e | Donante |
| 942 ## - ELEMENTOS DE ENTRADA SECUNDARIOS (KOHA) | |
| Suprimir en OPAC | No |
| Tipo de ítem Koha | Libro impreso |
| Estatus retirado | Estado de pérdida | Fuente del sistema de clasificación o colocación | Estado de daño | No para préstamo | Colección | Biblioteca de origen | Biblioteca actual | Ubicación en estantería | Fecha de adquisición | Fuente de adquisición | Total de préstamos | Signatura topográfica completa | Código de barras | Visto por última vez | Precio de reemplazo | Tipo de ítem Koha | Nota pública |
|---|---|---|---|---|---|---|---|---|---|---|---|---|---|---|---|---|---|
| Clasificación decimal universal | Libros con dedicatorias | Biblioteca del Ateneo de Madrid | Biblioteca del Ateneo de Madrid | Depósito J | 30/11/2023 | Donación | N-9686 | 101206720 | 12/02/2024 | 12/02/2024 | Libro impreso | Dedicatoria autógrafa del autor |
